000 00243nam a22001097a 4500
008 160518b xxu||||| |||| 00| 0 eng d
020 _a088167689
041 _aeng
080 _a61
245 _aAdult spine:
_cThomas B. Ducker;
942 _2udc
_cBK
999 _c2211
_d2211